[Event "World Rapid Team 2023"]
[Site "Dusseldorf GER"]
[Date "2023.08.28"]
[Round "9.7"]
[Board "1"]
[White "Yelisieiev, Yevhenii"]
[Black "Moussard, Jules"]
[Result "0-1"]
[WhiteTitle "IM"]
[BlackTitle "GM"]
[WhiteElo "2401"]
[BlackElo "2661"]
[WhiteTeam "Deutsche Schachjugend 1"]
[BlackTeam "Chessbrah OFM"]
[WhiteFideId "14139642"]
[BlackFideId "642908"]
[EventDate "2023.08.26"]

1. d4 Nf6 2. Nf3 b6 3. c4 e6 4. g3 Ba6 5. b3 Bb4+ 6. Bd2 Be7 7. Nc3 d5 8. cxd5
exd5 9. Bg2 O-O 10. O-O Re8 11. Rc1 Nbd7 12. Ne5 Bb7 13. Bf4 Nf8 14. Nd3 c6 15.
Re1 Ne6 16. Be5 Nd7 17. Nf4 Ba3 18. Rc2 Nxe5 19. dxe5 Nxf4 20. gxf4 f6 21. exf6
Qxf6 22. e3 Rad8 23. Ne2 Bb4 24. Rf1 Ba6 25. a3 Bf8 26. Re1 Kh8 27. Qa1 Qg6 28.
f5 Qh6 29. Nf4 Bc8 30. f6 Rd6 31. Rec1 Bd7 32. f7 Re7 33. b4 Rxf7 34. b5 c5 35.
Nxd5 Bxb5 36. Nf4 Rfd7 37. h3 Be7 38. Qe5 Qf6 39. Qh5 g6 40. Qg4 Qf5 41. Qg3 Qg5
42. Qf3 Bc6 43. Qg4 Qxg4 44. hxg4 Bb5 45. Rb2 Rd1+ 46. Rxd1 Rxd1+ 47. Kh2 Bd7
48. Bf3 Rd6 49. Kg2 Kg7 50. Rc2 Bg5 51. Ne2 Ba4 52. Rc4 Bb5 53. Re4 Bf6 54. Nf4
Kf7 55. a4 Ba6 56. Nh3 c4 57. g5 Bg7 58. Rf4+ Ke7 59. Re4+ Re6 60. Nf4 Rxe4 61.
Bxe4 Kd6 62. Kf3 Bc8 63. Ke2 a6 64. Kd2 Bd7 65. Bc2 b5 66. axb5 axb5 67. Ne2 b4
68. f4 Bg4 69. Ng3 b3 70. Be4 Bb2 71. Ne2 Bxe2 72. Kxe2 c3 73. Kd1 Ba3 74. Bd3
Bc5 75. e4 Be3 76. f5 Bxg5 77. fxg6 hxg6 78. e5+ Kxe5 79. Bxg6 Kd4 80. Bh7 Kc4
81. Bg6 Kb4 82. Bh7 Ka3 83. Bf5 Kb2 0-1

[Event "World Rapid Team 2023"]
[Site "Dusseldorf GER"]
[Date "2023.08.28"]
[Round "9.7"]
[Board "2"]
[White "Van Foreest, Jorden"]
[Black "Sidletskyi, Ivan"]
[Result "1-0"]
[WhiteTitle "GM"]
[BlackTitle "CM"]
[WhiteElo "2697"]
[BlackElo "2354"]
[WhiteTeam "Chessbrah OFM"]
[BlackTeam "Deutsche Schachjugend 1"]
[WhiteFideId "1039784"]
[BlackFideId "14156024"]
[EventDate "2023.08.26"]

1. b3 Nf6 2. Bb2 e6 3. Nf3 Be7 4. g4 Nxg4 5. Rg1 Bf6 6. d4 Nh6 7. e4 d5 8. Nc3
dxe4 9. Nxe4 b6 10. Bb5+ Bd7 11. Bd3 Nc6 12. Qd2 Nf5 13. O-O-O Nce7 14. Nxf6+
gxf6 15. d5 e5 16. Nxe5 fxe5 17. Bxe5 f6 18. Bxf6 Rf8 19. Qg5 h6 20. Qh5+ Rf7
21. Bxf5 Bxf5 22. Rde1 Kf8 23. Qxh6+ Ke8 24. Rg8+ 1-0

[Event "World Rapid Team 2023"]
[Site "Dusseldorf GER"]
[Date "2023.08.28"]
[Round "9.7"]
[Board "3"]
[White "Gloeckler, Christian"]
[Black "Saric, Ivan"]
[Result "0-1"]
[WhiteTitle "FM"]
[BlackTitle "GM"]
[WhiteElo "2318"]
[BlackElo "2657"]
[WhiteTeam "Deutsche Schachjugend 1"]
[BlackTeam "Chessbrah OFM"]
[WhiteFideId "34608966"]
[BlackFideId "14508150"]
[EventDate "2023.08.26"]

1. d4 Nf6 2. c4 g6 3. Nc3 Bg7 4. e4 d6 5. h3 e5 6. dxe5 dxe5 7. Qxd8+ Kxd8 8.
Nf3 Nc6 9. Be3 Be6 10. O-O-O+ Nd7 11. g4 Kc8 12. b3 b6 13. Bg2 h6 14. Rd2 Kb7
15. Rhd1 Rad8 16. Ne2 Bf8 17. Ne1 Bc5 18. Nd3 Bxe3 19. fxe3 h5 20. g5 h4 21. Kb2
Rh5 22. Bf3 Rxg5 23. Nf2 Kc8 24. Kc3 Nc5 25. Rxd8+ Nxd8 26. b4 Na4+ 27. Kb3 b5
28. Bg4 Rxg4 29. Nxg4 Bxc4+ 30. Kc2 Bxe2 31. Rg1 Nc6 32. Kd2 Bc4 33. a3 Be6 34.
Rc1 Bxg4 35. hxg4 Kd7 36. g5 a5 37. Rh1 axb4 38. axb4 Nxb4 39. Rxh4 c5 40. Rh7
Ke7 41. Rh8 c4 42. Rb8 c3+ 43. Kc1 Nc5 44. Rxb5 Nb3+ 45. Kb1 c2+ 46. Kb2 c1=Q+
47. Kxb3 Qxe3+ 48. Kxb4 Qxe4+ 49. Kb3 Qd3+ 50. Kb4 Ke6 51. Rb6+ Kf5 52. Rf6+
Kxg5 53. Rxf7 e4 0-1

[Event "World Rapid Team 2023"]
[Site "Dusseldorf GER"]
[Date "2023.08.28"]
[Round "9.7"]
[Board "4"]
[White "Tari, Aryan"]
[Black "Haug, Havard"]
[Result "1-0"]
[WhiteTitle "GM"]
[BlackTitle "CM"]
[WhiteElo "2629"]
[BlackElo "2199"]
[WhiteTeam "Chessbrah OFM"]
[BlackTeam "Deutsche Schachjugend 1"]
[WhiteFideId "1510045"]
[BlackFideId "1547887"]
[EventDate "2023.08.26"]

1. e4 c6 2. d4 d5 3. e5 c5 4. Nf3 Bg4 5. dxc5 Nc6 6. Bb5 Qa5+ 7. Nc3 e6 8. Be3
Ne7 9. h3 Bxf3 10. Qxf3 O-O-O 11. Bd2 Nxe5 12. Qe2 Qc7 13. O-O-O a6 14. Ba4 Nc4
15. Bb3 Nxd2 16. Qxd2 Ng6 17. Na4 Bxc5 18. Nxc5 Qxc5 19. f4 Qc7 20. Rhf1 Ne7 21.
g4 h5 22. Qd4 f6 23. Qe3 Rd6 24. Rde1 hxg4 25. hxg4 d4 26. Bxe6+ Kb8 27. Qd3 Rh2
28. Bb3 Rc6 29. Kb1 Rg2 30. Qe4 Rxg4 31. Qxe7 Qa5 32. Qe4 Qb6 33. Rd1 Rd6 34. a3
g5 35. Qf5 Rxf4 36. Rxf4 gxf4 37. Qxf4 Ka7 38. Qe4 Qc5 39. Rf1 Qb5 40. Rf5 Qb6
41. Ka2 Qd8 42. Bd5 Qb6 43. Rf4 Qc5 44. Bb3 Qb6 45. Qe7 d3 46. Rb4 dxc2 47. Bxc2
Re6 48. Rxb6 Rxe7 49. Rxf6 Rd7 50. Bb3 Rd8 51. Rf7 Rd6 52. Bc2 Kb8 53. Be4 Rb6
54. b4 Rb5 55. Kb3 Rb6 56. a4 a5 57. b5 Ka7 58. Kc4 Kb8 59. Kc5 Ka7 60. Bc6 1-0

[Event "World Rapid Team 2023"]
[Site "Dusseldorf GER"]
[Date "2023.08.28"]
[Round "9.7"]
[Board "5"]
[White "Groeschel, Karoline"]
[Black "Khademalsharieh, Sarasadat"]
[Result "0-1"]
[BlackTitle "IM"]
[WhiteElo "1934"]
[BlackElo "2488"]
[WhiteTeam "Deutsche Schachjugend 1"]
[BlackTeam "Chessbrah OFM"]
[WhiteFideId "34610537"]
[BlackFideId "12512214"]
[EventDate "2023.08.26"]

1. e4 e5 2. Nf3 Nc6 3. Bb5 g6 4. d4 exd4 5. Bg5 Be7 6. Bxe7 Qxe7 7. O-O Qb4 8.
Bxc6 dxc6 9. Qxd4 Qxd4 10. Nxd4 Bd7 11. Nc3 O-O-O 12. Rad1 Ne7 13. f3 c5 14. Nb3
b6 15. Rfe1 a5 16. a4 Nc6 17. Nb5 Be6 18. Nc1 Bc4 19. Na3 Be6 20. Ne2 g5 21. Kf2
Nb4 22. h4 h6 23. hxg5 hxg5 24. Ng3 Bd7 25. b3 Be6 26. Ne2 Kb7 27. Nc3 Nc6 28.
Ncb1 Ne5 29. Nd2 Rd4 30. Ndb1 Rhd8 31. Ke2 Ng6 32. Rxd4 cxd4 33. Rd1 d3+ 34. Ke3
dxc2 35. Rxd8 c1=Q+ 36. Kf2 Nf4 37. Rd2 Bxb3 38. g3 Qc5+ 39. Kf1 Bc4+ 40. Nxc4
Qxc4+ 41. Kf2 Qc5+ 42. Kf1 Qc1+ 43. Kf2 Nh3+ 44. Kg2 Qxb1 45. Kxh3 Qh1+ 46. Kg4
f6 47. Rd5 Qa1 48. Rf5 c6 49. f4 gxf4 50. gxf4 c5 51. e5 fxe5 52. Rxe5 c4 53.
Re7+ Ka6 54. Rc7 c3 55. f5 c2 56. Kg5 c1=Q+ 57. Rxc1 Qxc1+ 58. Kg6 b5 59. axb5+
Kxb5 60. f6 a4 61. f7 Qf4 62. Kg7 a3 63. Kh8 a2 0-1

[Event "World Rapid Team 2023"]
[Site "Dusseldorf GER"]
[Date "2023.08.28"]
[Round "9.8"]
[Board "1"]
[White "Dominguez Perez, Leinier"]
[Black "Abdusattorov, Nodirbek"]
[Result "1/2-1/2"]
[WhiteTitle "GM"]
[BlackTitle "GM"]
[WhiteElo "2739"]
[BlackElo "2725"]
[WhiteTeam "Chess Pensioners"]
[BlackTeam "WR Chess"]
[WhiteFideId "3503240"]
[BlackFideId "14204118"]
[EventDate "2023.08.26"]

1. e4 e5 2. Nf3 Nc6 3. Bc4 Nf6 4. d3 Be7 5. Nc3 d6 6. a4 O-O 7. O-O Na5 8. Ba2
Nc6 9. h3 Be6 10. Bxe6 fxe6 11. Ne2 a5 12. Ng3 h6 13. c3 Qd7 14. Re1 Rad8 15. d4
exd4 16. Nxd4 Nxd4 17. cxd4 d5 18. e5 Nh7 19. Qg4 Kh8 20. Be3 Rf7 21. f4 g6 22.
Ne2 Rg8 23. Rf1 h5 24. Qg3 Rfg7 25. Qf3 Rf7 26. Qg3 Rfg7 27. Qf3 Rf7 28. Qg3 1/2-1/2

[Event "World Rapid Team 2023"]
[Site "Dusseldorf GER"]
[Date "2023.08.28"]
[Round "9.8"]
[Board "2"]
[White "Nepomniachtchi, Ian"]
[Black "Svidler, Peter"]
[Result "1-0"]
[WhiteTitle "GM"]
[BlackTitle "GM"]
[WhiteElo "2779"]
[BlackElo "2688"]
[WhiteTeam "WR Chess"]
[BlackTeam "Chess Pensioners"]
[WhiteFideId "4168119"]
[BlackFideId "4102142"]
[EventDate "2023.08.26"]

1. e4 e5 2. f4 exf4 3. Nf3 Ne7 4. d4 d5 5. Bd3 c5 6. Nc3 cxd4 7. Nxd4 dxe4 8.
Nxe4 Ng6 9. h4 Nc6 10. Nxc6 bxc6 11. Qe2 Bb4+ 12. Bd2 Bxd2+ 13. Qxd2 O-O 14.
O-O-O Bg4 15. h5 Ne5 16. Qxf4 Qb8 17. Nd6 f6 18. Qe4 g6 19. hxg6 hxg6 20. Rh6
Qxd6 21. Bc4+ Kg7 22. Rxg6+ 1-0

[Event "World Rapid Team 2023"]
[Site "Dusseldorf GER"]
[Date "2023.08.28"]
[Round "9.8"]
[Board "3"]
[White "Kramnik, Vladimir"]
[Black "Praggnanandhaa, R"]
[Result "1/2-1/2"]
[WhiteTitle "GM"]
[BlackTitle "GM"]
[WhiteElo "2753"]
[BlackElo "2707"]
[WhiteTeam "Chess Pensioners"]
[BlackTeam "WR Chess"]
[WhiteFideId "4101588"]
[BlackFideId "25059530"]
[EventDate "2023.08.26"]

1. d4 Nf6 2. c4 e6 3. Nf3 d5 4. cxd5 exd5 5. Qc2 c6 6. Nc3 Bd6 7. Bg5 O-O 8. e3
h6 9. Bh4 Be6 10. Bd3 Nbd7 11. O-O a5 12. Rae1 Qc7 13. Kh1 Rae8 14. a3 Nh5 15.
Rc1 Qb8 16. Qd1 Nhf6 17. h3 Kh8 18. Ne2 Ne4 19. Bxe4 dxe4 20. Nd2 f5 21. Bg3
Bxg3 22. fxg3 Nf6 23. Nf4 Bf7 24. Qe1 Nd5 25. Nc4 a4 26. Nxd5 Bxd5 27. Nb6 Qd6
28. Kh2 Bb3 29. Qb4 Qxb4 30. axb4 Re7 31. Ra1 g5 32. Nxa4 Bc4 33. Rfc1 Bb5 34.
Nc3 Bd3 35. b5 cxb5 36. Nd5 Ref7 37. b3 Rd8 38. Rc5 Rd6 39. Ra8+ Kg7 40. Nc7 Rc6
41. Rxc6 bxc6 42. Ne6+ Kf6 43. Nc5 b4 44. Re8 Ra7 45. g4 fxg4 46. hxg4 Ra2 47.
Nxe4+ Bxe4 48. Rxe4 Rb2 49. d5 cxd5 50. Rxb4 Re2 51. Rb6+ Kg7 52. Re6 Rb2 53.
Kg3 Rxb3 54. Kf2 Rb2+ 55. Kf3 Rd2 56. Rd6 Kh7 57. Ra6 Kg7 58. Rd6 Kh7 59. Kg3
Re2 60. Rd7+ Kg6 61. Kf3 Rd2 62. Rb7 d4 63. Rb6+ Kg7 64. exd4 1/2-1/2

[Event "World Rapid Team 2023"]
[Site "Dusseldorf GER"]
[Date "2023.08.28"]
[Round "9.8"]
[Board "5"]
[White "Houska, Jovanka"]
[Black "Hou, Yifan"]
[Result "1/2-1/2"]
[WhiteTitle "IM"]
[BlackTitle "GM"]
[WhiteElo "2340"]
[BlackElo "2628"]
[WhiteTeam "Chess Pensioners"]
[BlackTeam "WR Chess"]
[WhiteFideId "405094"]
[BlackFideId "8602980"]
[EventDate "2023.08.26"]

1. d4 Nf6 2. Nf3 b6 3. g3 Bb7 4. Bg2 c5 5. c4 cxd4 6. Qxd4 Nc6 7. Qd1 g6 8. b3
Bg7 9. Bb2 a6 10. O-O O-O 11. Nc3 d6 12. e3 Rb8 13. Qe2 Nd7 14. Rfd1 Nce5 15.
Nxe5 Nxe5 16. Nd5 e6 17. Nf4 Bxg2 18. Kxg2 Qc7 19. Nd3 Qc6+ 20. f3 Nxd3 21. Rxd3
Bxb2 22. Qxb2 b5 23. Qd2 Rfd8 24. cxb5 axb5 25. Rc1 Qa6 26. e4 Ra8 27. Rc2 Ra7
28. Qb4 Rad7 29. Rcd2 h5 30. h4 Qc6 31. Qc3 Rc8 32. Qb4 Rcd8 33. Rc3 Qb7 34.
Rcd3 Qc6 1/2-1/2

[Event "World Rapid Team 2023"]
[Site "Dusseldorf GER"]
[Date "2023.08.28"]
[Round "9.9"]
[Board "1"]
[White "Baklan, Vladimir"]
[Black "Elier, Ali"]
[Result "1-0"]
[WhiteTitle "GM"]
[WhiteElo "2550"]
[BlackElo "2187"]
[WhiteTeam "Ukrainian Amators"]
[BlackTeam "Wensing & Poebel"]
[WhiteFideId "14102196"]
[BlackFideId "16217543"]
[EventDate "2023.08.26"]

1. e4 e5 2. Nf3 Nc6 3. Bb5 a6 4. Ba4 b5 5. Bb3 Na5 6. d4 exd4 7. Nxd4 Bb7 8. Qf3
Nf6 9. O-O Be7 10. Nf5 O-O 11. Qg3 g6 12. f3 Bc5+ 13. Kh1 Kh8 14. Bh6 Nxb3 15.
axb3 Re8 16. Nc3 Nh5 17. Qg4 Rg8 18. Ne3 d6 19. Qh3 Bc8 20. g4 c6 21. Rad1 Qf6
22. f4 Bxe3 23. Bg5 Qg7 24. Qxe3 Bxg4 25. Rxd6 Rae8 26. Qc5 f6 27. Bh4 Qh6 28.
Rxf6 Bh3 29. Rg1 Qg7 30. e5 Qd7 31. Qe3 Rg7 32. Ne4 Rge7 33. Rd6 Qf5 34. Bxe7
Rxe7 35. Ng5 Nxf4 36. e6 h6 37. Qd4+ 1-0

[Event "World Rapid Team 2023"]
[Site "Dusseldorf GER"]
[Date "2023.08.28"]
[Round "9.9"]
[Board "2"]
[White "Wensing, Maximilian"]
[Black "Zavgorodniy, Sergiy"]
[Result "1/2-1/2"]
[BlackTitle "IM"]
[WhiteElo "2171"]
[BlackElo "2416"]
[WhiteTeam "Wensing & Poebel"]
[BlackTeam "Ukrainian Amators"]
[WhiteFideId "16222415"]
[BlackFideId "14110148"]
[EventDate "2023.08.26"]

1. c4 Nf6 2. g3 e5 3. Bg2 c6 4. Nf3 d6 5. O-O Be7 6. Nc3 O-O 7. e4 a6 8. d4 Nbd7
9. a4 a5 10. h3 Re8 11. g4 exd4 12. Nxd4 Nc5 13. Be3 Nfd7 14. f4 Nf8 15. Qc2 Ng6
16. Rad1 Qc7 17. Qf2 h6 18. Nf3 b6 19. f5 Ne5 20. Nxe5 dxe5 21. h4 Rd8 22. g5
hxg5 23. hxg5 Nd3 24. Qh4 Nf4 25. f6 Bc5 26. Bxc5 bxc5 27. fxg7 Ng6 28. Qh6 Rxd1
29. Rxd1 Bg4 30. Rd2 Rd8 31. Rf2 Qd6 32. Rf6 Qd4+ 33. Kh2 Qd2 34. Rxg6 fxg6 35.
Qh8+ Kf7 36. g8=Q+ Rxg8 37. Qf6+ Ke8 38. Qxc6+ Bd7 39. Qa8+ Kf7 40. Qb7 Rh8+ 41.
Kg1 Qe1+ 42. Bf1 Qg3+ 43. Bg2 Qe3+ 44. Kf1 Rf8 45. Nd5 Qd3+ 46. Kg1 Qd1+ 47. Kf2
Qd2+ 48. Kg1 Qe1+ 49. Bf1 Qg3+ 50. Bg2 Qe1+ 51. Bf1 1/2-1/2

[Event "World Rapid Team 2023"]
[Site "Dusseldorf GER"]
[Date "2023.08.28"]
[Round "9.9"]
[Board "3"]
[White "Gaponenko, Inna"]
[Black "Kracht, Raphael"]
[Result "1-0"]
[WhiteTitle "IM"]
[WhiteElo "2336"]
[BlackElo "2158"]
[WhiteTeam "Ukrainian Amators"]
[BlackTeam "Wensing & Poebel"]
[WhiteFideId "14101181"]
[BlackFideId "16214382"]
[EventDate "2023.08.26"]

1. e4 e5 2. Nf3 Nc6 3. d4 exd4 4. Bc4 Nf6 5. e5 d5 6. Bb5 Nd7 7. O-O Be7 8. Bxc6
bxc6 9. Nxd4 Nb8 10. Nc3 c5 11. Ndb5 c6 12. Nd6+ Bxd6 13. exd6 Qxd6 14. Re1+ Be6
15. Ne4 Qe7 16. Bg5 f6 17. Nxc5 Qxc5 18. Rxe6+ Kf7 19. Rxf6+ gxf6 20. Qh5+ Kg8
21. Bxf6 Qf8 22. Bc3 Qf7 23. Qg5+ Qg6 24. Qd8+ Kf7 25. Qxh8 d4 26. Bxd4 c5 27.
Bc3 Qe4 28. Qf6+ Ke8 29. Re1 1-0

[Event "World Rapid Team 2023"]
[Site "Dusseldorf GER"]
[Date "2023.08.28"]
[Round "9.9"]
[Board "5"]
[White "Breest, Axel"]
[Black "Kesselmeier, Kevin"]
[Result "0-1"]
[WhiteElo "1979"]
[BlackElo "2011"]
[WhiteTeam "Ukrainian Amators"]
[BlackTeam "Wensing & Poebel"]
[WhiteFideId "24682349"]
[BlackFideId "16217551"]
[EventDate "2023.08.26"]

1. e4 c5 2. Nc3 Nc6 3. f4 g6 4. Nf3 Bg7 5. Bc4 a6 6. a4 d6 7. O-O Nf6 8. d3 O-O
9. Qe1 Bg4 10. h3 Bxf3 11. gxf3 Nd4 12. Rf2 Nh5 13. e5 e6 14. exd6 Qh4 15. Qe4
Ng3 16. Qxb7 Qxh3 17. Rg2 Ndf5 18. Bd2 Qh1+ 19. Kf2 Bd4+ 0-1

[Event "World Rapid Team 2023"]
[Site "Dusseldorf GER"]
[Date "2023.08.28"]
[Round "9.9"]
[Board "6"]
[White "Moeller, Lisa-Marie"]
[Black "Vibhor Sharma"]
[Result "0-1"]
[WhiteElo "1899"]
[BlackElo "1853"]
[WhiteTeam "Wensing & Poebel"]
[BlackTeam "Ukrainian Amators"]
[WhiteFideId "12959367"]
[BlackFideId "5099366"]
[EventDate "2023.08.26"]

1. e4 c5 2. Nf3 Nc6 3. Bb5 e6 4. Bxc6 bxc6 5. O-O c4 6. b3 Ba6 7. Re1 d5 8. bxc4
Bxc4 9. Ne5 Ba6 10. Nxc6 Qd6 11. exd5 Qxd5 12. Ne5 Bb7 13. Nf3 Nf6 14. Nc3 Qh5
15. Rb1 Bxf3 16. Qxf3 Qxf3 17. gxf3 Bc5 18. Ne4 Bb6 19. Nxf6+ gxf6 20. Bb2 Rg8+
21. Kf1 O-O-O 22. d3 Rg6 23. Re4 Rdg8 24. Ke2 Rg2 25. Rf1 Rxh2 26. Bxf6 Rgg2 27.
Bd4 f5 28. Rf4 Bc7 29. Be3 Bxf4 30. Bxf4 Rh3 31. Bg3 Rhxg3 0-1

[Event "World Rapid Team 2023"]
[Site "Dusseldorf GER"]
[Date "2023.08.28"]
[Round "9.10"]
[Board "1"]
[White "Van Dael, Siem"]
[Black "Zuferi, Enis"]
[Result "1-0"]
[WhiteTitle "FM"]
[BlackTitle "FM"]
[WhiteElo "2285"]
[BlackElo "2367"]
[WhiteTeam "Blerickse Schaakvereniging"]
[BlackTeam "Heilbronn Hustlers"]
[WhiteFideId "1049771"]
[BlackFideId "24692530"]
[EventDate "2023.08.26"]

1. e4 c5 2. Nf3 d6 3. d4 cxd4 4. Nxd4 Nf6 5. Nc3 a6 6. Be3 Ng4 7. Bc1 Nc6 8.
Nxc6 bxc6 9. h3 Nf6 10. Bc4 e6 11. O-O d5 12. Bb3 Bd6 13. Re1 Nxe4 14. Nxe4 dxe4
15. Qg4 O-O 16. Qxe4 Qc7 17. c3 Bb7 18. Bc2 g6 19. Bg5 Be7 20. Bf4 Bd6 21. Bxd6
Qxd6 22. Rad1 Qe7 23. Ba4 c5 24. Bc6 Rab8 25. b3 a5 26. Qa4 Bxc6 27. Qxc6 Rfc8
28. Qa4 c4 29. bxc4 Rc5 30. Re3 Rf5 31. Qc2 Qa3 32. Rb1 Rc8 33. Qb3 Qc5 34. Rd1
Qxc4 35. Qxc4 Rxc4 36. Rd4 Rxd4 37. cxd4 Kf8 38. Kf1 Ke7 39. Ke2 Kd6 40. Ra3 Kc6
41. Ke3 Kb5 42. g4 Rd5 43. Rb3+ Kc6 44. Rc3+ Kd7 45. Rb3 Kc6 46. Rb8 h5 47. Rf8
hxg4 48. hxg4 Rd7 49. a4 Kd5 50. Ra8 Kc4 51. Rxa5 Rxd4 52. g5 Rd3+ 53. Ke4 Rd2
54. f4 Rd4+ 55. Ke5 Rd5+ 56. Rxd5 exd5 57. a5 d4 58. a6 d3 59. a7 d2 60. a8=Q
d1=Q 61. Qe4+ Kc5 62. Kf6 Qb3 63. Qe7+ Kd4 64. Qxf7 Qf3 65. Kxg6 Qe4+ 66. f5 Qb1
67. Qe6 Qc2 68. Kg7 Qc7+ 69. Qf7 Qf4 70. g6 Qh2 71. f6 Qh3 72. Qe7 Kd5 73. f7
Qc3+ 74. Qf6 Qc7 75. Kg8 1-0

[Event "World Rapid Team 2023"]
[Site "Dusseldorf GER"]
[Date "2023.08.28"]
[Round "9.10"]
[Board "2"]
[White "Wenninger, Philipp"]
[Black "Heinert, Eugen"]
[Result "1-0"]
[WhiteElo "2374"]
[BlackElo "2121"]
[WhiteTeam "Heilbronn Hustlers"]
[BlackTeam "Blerickse Schaakvereniging"]
[WhiteFideId "4648404"]
[BlackFideId "24621390"]
[EventDate "2023.08.26"]

1. d4 d5 2. c4 c6 3. Nf3 Nf6 4. e3 Bg4 5. Nc3 e6 6. h3 Bh5 7. g4 Bg6 8. Ne5 Nbd7
9. Nxg6 hxg6 10. g5 Ng8 11. h4 Ne7 12. Bd3 Nf5 13. Bxf5 gxf5 14. cxd5 cxd5 15.
f4 Qa5 16. Bd2 O-O-O 17. Kf2 Qa6 18. Qe2 Qxe2+ 19. Nxe2 Kb8 20. Rac1 Be7 21. Ng3
Rh7 22. Rh2 Rdh8 23. h5 Nb6 24. Rch1 Bf8 25. a3 Nc4 26. Bc3 b6 27. Ke2 a5 28.
Nf1 Nd6 29. Nd2 Nb5 30. Kd3 Kb7 31. Nf3 f6 32. g6 Rh6 33. Ng5 fxg5 34. fxg5 Nd6
35. gxh6 Rxh6 36. Be1 Ne4 37. Rc2 Bd6 38. Rg2 Kc6 39. a4 Kd7 40. Rgg1 Kc6 41. b3
Bb4 42. Bxb4 Nf2+ 43. Ke2 Nxh1 44. Bf8 Rxh5 45. Rg2 Rh3 46. Bxg7 Ng3+ 47. Kd3 f4
48. Be5 f3 49. Rxg3 f2 50. Ke2 1-0

[Event "World Rapid Team 2023"]
[Site "Dusseldorf GER"]
[Date "2023.08.28"]
[Round "9.10"]
[Board "3"]
[White "Gramb, Marius"]
[Black "Peng, Xiang-Tobias"]
[Result "1/2-1/2"]
[WhiteElo "2219"]
[BlackElo "2119"]
[WhiteTeam "Blerickse Schaakvereniging"]
[BlackTeam "Heilbronn Hustlers"]
[WhiteFideId "24656593"]
[BlackFideId "12964328"]
[EventDate "2023.08.26"]

1. d4 Nf6 2. c4 g6 3. Nc3 d5 4. cxd5 Nxd5 5. Bd2 Bg7 6. e4 Nxc3 7. Bxc3 O-O 8.
h3 c5 9. d5 e6 10. Bc4 exd5 11. Bxd5 Qg5 12. Nf3 Bxc3+ 13. bxc3 Qf6 14. Qb3 Nd7
15. O-O Nb6 16. c4 Be6 17. Rfe1 Rfd8 18. Rac1 Rac8 19. Qe3 Rc7 20. e5 Qe7 21.
Bxe6 Qxe6 22. Qh6 f6 23. exf6 Qxf6 24. Ng5 Re7 25. Rcd1 Rde8 26. Rxe7 Qxe7 27.
Nf3 Nxc4 28. Re1 Qf7 29. Rxe8+ Qxe8 30. Qg5 b6 31. Qd5+ Qf7 32. Qd8+ Qf8 33.
Qd5+ Qf7 34. Qd8+ Qf8 35. Qd5+ Qf7 36. Qd8+ Qf8 1/2-1/2

[Event "World Rapid Team 2023"]
[Site "Dusseldorf GER"]
[Date "2023.08.28"]
[Round "9.10"]
[Board "4"]
[White "Diller, Daniel"]
[Black "Bergmans, Dirk"]
[Result "1-0"]
[WhiteElo "2120"]
[BlackElo "2015"]
[WhiteTeam "Heilbronn Hustlers"]
[BlackTeam "Blerickse Schaakvereniging"]
[WhiteFideId "12908983"]
[BlackFideId "1042327"]
[EventDate "2023.08.26"]

1. d4 d5 2. Bf4 c5 3. e3 Nf6 4. Nd2 e6 5. Ngf3 Bd6 6. dxc5 Bxc5 7. Bd3 O-O 8.
O-O b6 9. c4 Bb7 10. Qe2 Nbd7 11. a3 a5 12. Rfd1 Re8 13. cxd5 Nxd5 14. Bg3 Qe7
15. Ne4 Rac8 16. Rac1 N7f6 17. Bh4 Qf8 18. Nxc5 Rxc5 19. Nd4 Rec8 20. Rxc5 Rxc5
21. Bg3 Qc8 22. Nb3 Rc6 23. e4 Ne7 24. Nd4 Rc5 25. Bd6 Ng6 26. Bxc5 Qxc5 27. Nb3
Qg5 28. g3 h5 29. Qe3 Qg4 30. Be2 Qh3 31. Bf1 Qg4 32. f3 Nd5 33. Rxd5 1-0

[Event "World Rapid Team 2023"]
[Site "Dusseldorf GER"]
[Date "2023.08.28"]
[Round "9.10"]
[Board "5"]
[White "Alonso, Jose Antonio"]
[Black "Schaefer, Daniel"]
[Result "0-1"]
[WhiteElo "1836"]
[BlackElo "1884"]
[WhiteTeam "Blerickse Schaakvereniging"]
[BlackTeam "Heilbronn Hustlers"]
[WhiteFideId "16213130"]
[BlackFideId "16235088"]
[EventDate "2023.08.26"]

1. e4 e5 2. Nf3 Nc6 3. Bc4 Bc5 4. c3 Nf6 5. d3 O-O 6. O-O d5 7. exd5 Nxd5 8. Bg5
f6 9. Bh4 Kh8 10. b4 Bb6 11. a4 a6 12. Re1 Re8 13. h3 Bf5 14. b5 axb5 15. Bxb5
Qd6 16. Bg3 Qc5 17. c4 Nf4 18. d4 Nxd4 19. Bxf4 Nxb5 20. Be3 Nd4 21. Nbd2 Red8
22. Nh4 Be6 23. Rb1 Qc6 24. Qh5 Kg8 25. Bxd4 Rxd4 26. Ndf3 Rxc4 27. Nf5 Qe8 28.
Qxe8+ Rxe8 29. Ne3 Rxa4 30. Red1 Kf7 31. Rb2 Bxe3 32. fxe3 b6 33. Rc2 Rc8 34.
Rdc1 c5 35. Rb2 Rc6 36. Rcb1 Ra6 37. Nd2 Ke7 38. Kf2 Ra2 39. Rxa2 Bxa2 40. Ra1
Be6 41. Ra7+ Bd7 42. Rb7 Rd6 43. Nc4 Rd1 44. Nxb6 Ke6 45. Rc7 Rd6 46. Nc4 Rc6
47. Rb7 Kd5 48. Nb6+ Rxb6 49. Rxb6 c4 50. Ke2 Bf5 51. g4 Bg6 52. Kd2 Ke4 53. Rb4
Kf3 54. Rxc4 Kg3 55. Rc7 Kxh3 56. Rxg7 Kxg4 57. Ke2 Kg3 58. Rg8 Kg4 59. Kf2 f5
60. Rb8 f4 61. Rb4 e4 62. exf4 Kxf4 63. Ra4 h5 64. Ra8 Bf5 65. Rf8 h4 66. Rh8 h3
67. Rh4+ Kg5 68. Rh8 Kf4 69. Rh6 e3+ 70. Ke2 Bg4+ 71. Ke1 Kg3 72. Rh8 h2 73. Rh7
Kg2 74. Rh4 h1=Q+ 0-1

[Event "World Rapid Team 2023"]
[Site "Dusseldorf GER"]
[Date "2023.08.28"]
[Round "9.10"]
[Board "6"]
[White "Spiegelberg, Silvia"]
[Black "Hartjes, Jenny"]
[Result "1-0"]
[WhiteElo "1934"]
[BlackElo "1685"]
[WhiteTeam "Heilbronn Hustlers"]
[BlackTeam "Blerickse Schaakvereniging"]
[WhiteFideId "24654450"]
[BlackFideId "16222334"]
[EventDate "2023.08.26"]

1. e4 c5 2. Nf3 Nc6 3. d4 cxd4 4. Nxd4 d6 5. Be3 Nf6 6. f3 g6 7. Nc3 Bg7 8. Qd2
O-O 9. O-O-O a6 10. g4 Nd7 11. h4 Nxd4 12. Bxd4 Bxd4 13. Qxd4 Qb6 14. Qd2 Ne5
15. Be2 Be6 16. h5 Bc4 17. hxg6 fxg6 18. Bxc4+ Nxc4 19. Qd5+ Kg7 20. Qxc4 Qe3+
21. Kb1 Rxf3 22. Qd4+ Qxd4 23. Rxd4 Rg3 24. e5 dxe5 25. Rd7 Re8 26. Rxb7 Kf6 27.
Nd5+ Kg5 28. a3 e6 29. Nc3 Rxg4 1-0